00589 a2200169 4500010001400000020002300014035001300037037001600050082001700066100002400083245009300107260003600200260004500236270007000281300004700351500002100398 aENG-89940 c650.00a8178242095 aEN-73473 bDBAD / VEN14a909.098240811 aMetcalf, Thomas R.1 aImperial connections:cby Thomas R. MetcalfbIndia in the Indian Ocean Arena 1860-1920 / aRanikhetbPermanent Blackc2007 aNew DelhibOrient Longman (Distributor) aHimalayana, Mall Road, Ranikhet CanttbRanikhete263645cRanikhet axv, 264p.:c22 cm. (Hb)bb&w photos, ill. aIncludes index